Miasta z WORD-ami - Statystyki

Ogólne statystyki
  • Ten quiz został rozwiązany 76 razy
  • Średni wynik to 48 z 83
Statystyki odpowiedzi
Województwo Miasto % Poprawnych
Dolnośląskie Wrocław
93%
Śląskie Katowice
90%
Mazowieckie Warszawa
90%
Opolskie Opole
88%
Pomorskie Gdańsk
86%
Świętokrzyskie Kielce
86%
Małopolskie Kraków
86%
Łódzkie Łódź
86%
Zachodniopomorskie Szczecin
86%
Śląskie Częstochowa
84%
Pomorskie Gdynia
84%
Wielkopolskie Poznań
84%
Podlaskie Białystok
83%
Kujawsko-Pomorskie Bydgoszcz
81%
Lubelskie Lublin
81%
Podkarpackie Rzeszów
81%
Kujawsko-Pomorskie Toruń
81%
Mazowieckie Radom
78%
Warmińsko-Mazurskie Elbląg
76%
Warmińsko-Mazurskie Olsztyn
76%
Dolnośląskie Legnica
74%
Lubuskie Zielona Góra
72%
Śląskie Bielsko-Biała
71%
Lubuskie Gorzów Wielkopolski
71%
Mazowieckie Płock
71%
Dolnośląskie Lubin
69%
Małopolskie Tarnów
69%
Łódzkie Piotrków Trybunalski
67%
Dolnośląskie Jelenia Góra
66%
Podlaskie Suwałki
64%
Kujawsko-Pomorskie Włocławek
64%
Kujawsko-Pomorskie Grudziądz
62%
Kujawsko-Pomorskie Inowrocław
62%
Zachodniopomorskie Koszalin
62%
Śląskie Tychy
62%
Wielkopolskie Kalisz
60%
Podlaskie Łomża
60%
Małopolskie Nowy Sącz
60%
Podkarpackie Tarnobrzeg
60%
Dolnośląskie Wałbrzych
60%
Śląskie Dąbrowa Górnicza
59%
Podkarpackie Krosno
57%
Małopolskie Nowy Targ
57%
Podkarpackie Przemyśl
57%
Pomorskie Słupsk
57%
Śląskie Bytom
55%
Wielkopolskie Piła
55%
Wielkopolskie Leszno
53%
Mazowieckie Ostrołęka
52%
Śląskie Rybnik
52%
Mazowieckie Siedlce
52%
Lubelskie Zamość
52%
Opolskie Kędzierzyn-Koźle
50%
Dolnośląskie Głogów
48%
Wielkopolskie Konin
48%
Świętokrzyskie Ostrowiec Świętokrzyski
48%
Lubelskie Puławy
48%
Lubelskie Biała Podlaska
47%
Lubelskie Chełm
47%
Dolnośląskie Kłodzko
45%
Małopolskie Oświęcim
45%
Łódzkie Skierniewice
45%
Dolnośląskie Bolesławiec
41%
Mazowieckie Ciechanów
41%
Opolskie Nysa
41%
Pomorskie Chojnice
40%
Dolnośląskie Oława
38%
Łódzkie Sieradz
38%
Dolnośląskie Świdnica
38%
Śląskie Jastrzębie-Zdrój
36%
Dolnośląskie Oleśnica
36%
Podlaskie Bielsk Podlaski
34%
Mazowieckie Mława
31%
Mazowieckie Garwolin
28%
Lubelskie Biłgoraj
26%
Mazowieckie Grójec
26%
Dolnośląskie Lubań
26%
Mazowieckie Sochaczew
26%
Śląskie Zawiercie
26%
Lubelskie Łuków
21%
Mazowieckie Kozienice
17%
Dolnośląskie Milicz
17%
Zachodniopomorskie Barlinek
16%
Nie znaleziono quizów pasujących do podanych kryteriów
Rozkład punktacji
Procent ludzi z każdym wynikiem
Percentyl według liczby udzielonych odpowiedzi
Twoja historia wyników
Nie rozwiązałeś tego quizu